000 00436nam a22001457a 4500
008 151009b xxu||||| |||| 00| 0 eng d
020 _a0440 213576
050 _aSPE PS 3558 .H35 1993
100 _aHall, James.
_d1993
245 _aHard Aground:
_cJames Hall.
260 _aNew York:
_bEDell Publishing,
_c1993.
300 _a420p.:
650 _aEnglish Fiction
942 _2lcc
_cSH_L_BOOKS
_hSPE PS 3558 .H35 1993
999 _c8076
_d8076